000 00793nam a22002417i 4500
999 _c23244
_d23244
003 AR-CdUCM
008 250403b20092009 pe||||| |||| 00| 0 spa d
020 _a 978-6-12-4029-26-4
040 _aMUNICIPALIDAD PROVINCIAL DEL CUSCO
_cBIBLIOTECA MUNICIPAL DEL CUSCO
041 _hspa
082 _aPI / 803.08 / L84
_bL84
100 _aLoli, Cesar
_951098
245 _aLa jirafa se resfrió :
_bcántame un cuento /
260 _aLima. :
_bEditorial Septiembre
_c2009
300 _a16 páginas. :
_bIlustraciones,
_c17x20 cm.
650 _aLiteratura infantil
_9588
650 _aCuento infantil
_951099
650 _aPrimera infancia
_924660
700 _aCanción y letra (anónimo)
_951100
856 _fwww.editorialseptiembre.com
942 _2ddc
_cLIBROS
945 _apbjr
_d03-04-2025